| 000 | 01294nam a2200253Ia 4500 | ||
|---|---|---|---|
| 999 |
_c36525 _d36525 |
||
| 001 | 2443 | ||
| 003 | GE_BSU | ||
| 005 | 20221128123332.0 | ||
| 008 | 181216s2009||||ge |||||||||||||| ||geo|| | ||
| 040 | _cGE_BSU | ||
| 041 | _ageo | ||
| 080 | _a336.76(075.8)+336.744+159.98+336.76 შ–81 | ||
| 100 |
_aშონია, ნანა _913905 |
||
| 245 |
_aსაბირჟო საქმე : _b ნაწ. 2 / _cნანა შონია, თინათინ გუგეშაშვილი ; [რედ. იაკობ მესხია] ; აკაკი წერეთლის სახ. სახელმწ. უნ-ტი. |
||
| 264 |
_aთბილისი : _b ინოვაცია, _c2009. |
||
| 300 |
_a361 გვ.: _bცხრ. ; ნახ. |
||
| 501 | _aდანართები: გვ. 329-363. | ||
| 653 | _aსაბირჟო საქმე | ||
| 653 | _aფინასები | ||
| 700 |
_aგუგეშაშვილი, თინათინ _eავტორი _916146 |
||
| 700 |
_aმესხია, იაკობ _eრედაქტორი _916147 |
||
| 710 |
_aაკაკი წერეთლის სახელობის სახელმწიფო უნივერსიტეტი. _916148 |
||
| 942 |
_cBK _2udc |
||